Kolekce atelieru Květen. Čís. 48, Vzory na pletení
Record details
- Publisher: [Praha : nákl. vl.], 1970
Content descriptions
| General Note: | Zkr. Zn. S obr., fot. a barev. fot. v textu |
Available copies
- 1 of 1 copy available at Common Catalog SPOK.
Holds
- 0 current holds with 1 total copy.
Show All Copies
| Location | Call Number / Copy Notes | Barcode | Shelving Location | Status | Due Date |
|---|---|---|---|---|---|
| KDS Library | 79 Ate | 204576803653 | Library | Available | - |
| LDR | 00772nam a22002771a 4500 | ||
|---|---|---|---|
| 001 | 23027 | ||
| 003 | CZ-PrJAB | ||
| 005 | 20200303140148.0 | ||
| 008 | 970908s1970 xr cze | ||
| 015 | . | ‡acnb000452495 | |
| 035 | . | ‡a(CZ PrNK)bk197001076 | |
| 035 | . | ‡a(OCoLC)42115511 | |
| 040 | . | ‡aABA001 ‡bcze ‡cULG001 ‡dABA001 | |
| 080 | . | ‡a646.2(024) ‡2undef | |
| 245 | 0 | 0. | ‡aKolekce atelieru Květen. ‡nČís. 48, ‡pVzory na pletení |
| 246 | 3 | 0. | ‡aVzory na pletení |
| 260 | . | ‡a[Praha : ‡bnákl. vl.], ‡c1970 ‡e(Čes. Budějovice : ‡fJihočes. tisk.) | |
| 500 | . | ‡aZkr. | |
| 500 | . | ‡aZn. | |
| 500 | . | ‡aS obr., fot. a barev. fot. v textu | |
| 710 | 2 | . | ‡aAteliér Květen ‡7ko2003164886 |
| 910 | . | ‡aABE463 | |
| 901 | . | ‡a23027 ‡bCZ-PrJAB ‡c23027 ‡tbiblio | |